|
|
|
|
| LEADER |
01434nam a2200301 i 4500 |
| 001 |
29332 |
| 003 |
BD-DhAAL |
| 005 |
20150602122355.0 |
| 008 |
150602s2013 ctuab b 001 0 eng |
| 010 |
|
|
|a 2012043154
|
| 020 |
|
|
|a 9780300160055 (pbk. : alk. paper)
|
| 040 |
|
|
|a DLC
|b eng
|c DLC
|e rda
|d DLC
|d BD-DhAAL
|
| 042 |
|
|
|a pcc
|
| 043 |
|
|
|a e-gr---
|
| 050 |
0 |
0 |
|a DF77
|b .M3 2013
|
| 082 |
0 |
0 |
|a 938
|2 23
|
| 100 |
1 |
|
|a Martin, Thomas R.,
|d 1947-
|9 11595
|
| 245 |
1 |
0 |
|a Ancient Greece :
|b from prehistoric to Hellenistic times /
|c Thomas R. Martin.
|
| 250 |
|
|
|a Second Edition.
|
| 260 |
|
|
|a New Haven :
|b Yale University Press,
|c 2013.
|
| 300 |
|
|
|a xiv, 311 pages :
|b illustrations, maps ;
|c 21 cm
|
| 504 |
|
|
|a Includes bibliographical references and index.
|
| 505 |
0 |
|
|a Backgrounds of ancient Greek history -- From Indo-Europeans to Mycenaeans -- The dark age -- The archaic age -- Oligarchy, tyranny, and democracy -- From Persian wars to Athenian empire -- Culture and society in classical Athens -- The Peloponnesian War and its aftermath at athens -- From the Peloponnesian War to Alexander the Great -- The Hellenistic age.
|
| 541 |
|
|
|e 29332
|
| 651 |
|
0 |
|a Greece
|x History
|y To 146 B.C.
|9 11596
|
| 942 |
|
|
|2 ddc
|c BK
|
| 999 |
|
|
|c 34584
|d 34584
|
| 952 |
|
|
|0 0
|1 0
|2 ddc
|4 0
|6 938_000000000000000_MAR
|7 0
|9 54008
|a BRACUL
|b BRACUL
|c GEN
|d 2015-06-02
|e Karim International
|g 1580.00
|l 7
|m 27
|o 938 MAR
|p 3010029332
|r 2025-04-28
|s 2025-03-05
|t 1
|w 2015-06-02
|y BK
|